00180nam a2200073Ia 4500008004100000020001300041100002000054245003200074230213s9999 xx 000 0 und d a82391727 aPARKER, JULIE F 0aCAREERS FOR WOMAN AS CLERGY